000 00730nam a22001577a 4500
003 OSt
005 20150916103353.0
008 150916b xxu||||| |||| 00| 0 eng d
040 _cRUA
082 _aAGR NEA 2003 B029 Or.1
100 _9574
_aNEANG SREYMOM
245 _astudy on adoption methodology of agriculture technology of farmer in cheung prey district,kampong cham province,(សិក្សាវីធីសាស្រ្តនៃការទទួលយកបច្ចេកវិទ្យាកសិកម្មរបស់កសិករក្នុងស្រុកជើងព្រៃ ខេត្តកំពង់ចាម)
260 _aphnom penh
_bRUA
_c2003
300 _a49p.
_cill.
_g29cm.
942 _2ddc
_cAGR
999 _c550
_d550